000 00430nam a22001577a 4500
003 OSt
008 241227b2023 |||||||| |||| 00| 0 eng d
020 _a9788175974050
082 _a170.835
_bTEJ-V
100 _aTejomayananda, Swami
245 _aVictorious youth /
_cSwami Tejomayananda.
260 _aMumbai :
_bCentral Chinmaya Mission Trust,
_c2023.
300 _a75 p. ;
650 _aYouth-Conduct of life
942 _2ddc
_cBK
999 _c20825
_d20825